| 000 | 00514nam a2200169 4500 | ||
|---|---|---|---|
| 008 | 0 1985 0x 000 0MEX | ||
| 020 | _a968-24-3157-3 | ||
| 050 | _aHM132 F5.8 | ||
| 082 | _a302.3 F592s | ||
| 100 | _aFilley, Alan C. | ||
| 245 | _aSolución d conflictos interpersonales / Filley, Alan C. | ||
| 250 | _a2a ed. | ||
| 260 | _aMéxico : Trillas | ||
| 300 | _a184 p. / 23 cm. | ||
| 500 | _aIncluye, bibliografías e índices | ||
| 650 | _a1.- RELACIONES INTERPERSONALES 2.- CONFLICTO SOCIAL. | ||
| 999 |
_c13935 _d13935 |
||